| 000 | 01013nam a2200277Ia 4500 | ||
|---|---|---|---|
| 003 | OSt | ||
| 005 | 20221005111604.0 | ||
| 006 | a|||||r|||| 00| 0 | ||
| 007 | ta | ||
| 008 | 221004b |||||||| |||| 00| 0 hin d | ||
| 020 |
_a9788126317769 (hbk) _c300 |
||
| 024 | _a7961 | ||
| 037 |
_b252, 24/10/2013, Swaraj Prakashan _cTextual |
||
| 040 |
_aCRL _cCRL _bhin |
||
| 041 |
_2hin _ahin |
||
| 082 | _aO152,3N49,AA, Q1 | ||
| 100 | _aविवेक, ज्ञानप्रकाश | ||
| 245 | 0 | _aआखेट | |
| 246 | _aĀkheṭa | ||
| 260 |
_aनई दिल्ली _bभारतीय ज्ञानपीठ भारत _c2011 |
||
| 300 |
_a168पृ0 _ccm. |
||
| 490 | _aलोकोदय ग्रन्थमाला; ग्रन्थांक 994 | ||
| 650 | _aहिन्दी साहित्य | ||
| 942 |
_hO152,3N49,AA, Q1 _cTEXL _2cc |
||
| 999 |
_c1022267 _d1022267 |
||